NFL Team by rebrands - Statistics

General Stats
  • This quiz has been taken 22 times
  • The average score is 28 of 32
Answer Stats
Hint Answer % Correct
Pirates Buccaneers
95%
Oceaneagles Seahawks
95%
Ironers Steelers
95%
Grizzlies Bears
91%
Tigers Bengals
91%
Ferraris Broncos
91%
Mustangs Colts
91%
Farmers Cowboys
91%
Sharks Dolphins
91%
Hawks Eagles
91%
Titans Giants
91%
Leopards Jaguars
91%
Planes Jets
91%
Invaders Raiders
91%
Popes Saints
91%
Bucks Bills
86%
Tans Browns
86%
Tribes Chiefs
86%
Generals Commanders
86%
Cheetahs Panthers
86%
Americans Patriots
86%
Goats Rams
86%
Crows Ravens
86%
Texas Citizens Texans
86%
Giants Titans
86%
Nordics Vikings
86%
Miners 49ers
82%
Rushers Chargers
82%
Bald Eagles Falcons
82%
Wildcats Lions
82%
Bluejays Cardinals
77%
Bunchers Packers
77%
No matching quizzes found
Score Distribution
Percent of People with Each Score
Percentile by Number Answered
Your Score History
You have not taken this quiz